[Event "ROM-ch U10 Girls"]
[Site "Calimanesti Caciulata"]
[Date "2016.04.18"]
[Round "1"]
[White "Pantazi, Alexandra Patricia"]
[Black "Puia, Alexia Teodora"]
[Result "1/2-1/2"]
[WhiteElo "1003"]
[BlackElo "1214"]
[PlyCount "58"]
[EventDate "2016.04.18"]
[EventType "swiss"]
[EventRounds "9"]
[EventCountry "ROU"]
[SourceTitle "CBM 172 Extra"]
[Source "ChessBase"]
[SourceDate "2016.06.21"]
[SourceVersion "1"]
[SourceVersionDate "2016.06.21"]
[SourceQuality "1"]

1. e4 e5 2. d3 d6 3. Nc3 Nf6 4. Nf3 Be6 5. Be2 h6 6. 0-0 c5 7. Be3 Nc6 8. Qd2 Ng4 9. h3 Nxe3 10. Qxe3 Nd4 11. Rac1 Be7 12. Nd5 Bxd5 13. exd5 Nxf3+ 14. Qxf3 Bg5 15. Rcd1 0-0 16. c3 Qd7 17. d4 exd4 18. cxd4 f5 19. dxc5 dxc5 20. d6 b6 21. Bc4+ Kh8 22. Rfe1 Rad8 23. Be6 Qb5 24. b3 Qb4 25. Bxf5 Bf4 26. Qe4 Qxe4 27. Bxe4 Rxd6 28. Rxd6 Bxd6 29. Rd1 Be5 1/2-1/2